Capitales de las provincias y territorios de Canadá - Estadísticas

Estadísticas generales
  • Esta prueba ha sido intentada 46 veces
  • La puntuación promedio es 9 de 13
Estadísticas de respuestas
Provincia / Territorio Capital % Correcto
Ontario Toronto
90%
Quebec Quebec
87%
Columbia Británica Victoria
84%
Territorios del Noroeste Yellowknife
81%
Alberta Edmonton
77%
Nueva Escocia Halifax
68%
Terranova y Labrador San Juan de Terranova
68%
Yukón Whitehorse
68%
Manitoba Winnipeg
68%
Nunavut Iqaluit
61%
Isla del Príncipe Eduardo Charlottetown
58%
Saskatchewan Regina
55%
Nuevo Brunswick Fredericton
45%
No se encontraron pruebas coincidentes
Distribución de puntuación
Porcentaje de gente con cada puntuación
Porcentaje por número respondido
Historial de tus puntuaciones
No has intentado esta prueba.